header

Carbohydrate-based vaccines and immunotherapies (Record no. 48308)

MARC details
000 -LEADER
fixed length control field 01421nam a2200349Ia 4500
245 00 - TITLE STATEMENT
Title Carbohydrate-based vaccines and immunotherapies
260 ## - PUBLICATION, DISTRIBUTION, ETC. (IMPRINT)
Place of publication Hoboken, N.J. ;
-- Oxford, [UK] :
Name of publisher Wiley,
Year of publication c2009.
300 ## - PHYSICAL DESCRIPTION
Number of Pages xviii, 408 p., [8] p. of plates :
Other physical details ill. (some col.).
490 1# - SERIES STATEMENT
Series statement Wiley series in drug discovery and development
650 #0 - SUBJECT ADDED ENTRY--TOPICAL TERM
Topical Term Carbohydrates
Topical Term Vaccines.
Topical Term Glycoconjugates
700 1# - ADDED ENTRY--PERSONAL NAME
Personal name Guo, Zhongwu.
Personal name Boons, Geert-Jan.
856 40 - ELECTRONIC LOCATION AND ACCESS
Uniform Resource Identifier http://site.ebrary.com/lib/rucke/Doc?id=10346015

No items available.

© 2026 Rongo University
Contact us: librarian | system librarian | Rongo university